| 000 | 00419cam a2200145ua 4500 | ||
|---|---|---|---|
| 041 |
_aeng _h |
||
| 082 |
_a028.74631 _bJAI/SU |
||
| 100 | _aJain, T C . | ||
| 245 |
_aSurvey of Indian agro-bio-economic and allied literature,1947-1975 vol-1 / _cT C Jain. _hTextual Documents |
||
| 260 |
_aNew Delhi : _bAgricole Publishing Academy , _c1978. |
||
| 300 | _a330 ; . | ||
| 504 | _a | ||
| 942 | _cBK | ||
| 999 |
_c10206 _d10206 |
||